Melodías de los valles sagrados

সংরক্ষণ করুন:
গ্রন্থ-পঞ্জীর বিবরন
প্রধান লেখক: Ráez Retamozo, Manuel (Author)
বিন্যাস: গ্রন্থ
ভাষা:স্প্যানিশ
প্রকাশিত: Lima Pontificia Universidad Católica del Perú 2004
সংস্করন:1a. ed
মালা:Avances de Investigación
বিষয়গুলি:
ট্যাগগুলো: ট্যাগ যুক্ত করুন
কোনো ট্যাগ নেই, প্রথমজন হিসাবে ট্যাগ করুন!

MARC

LEADER 00000nam a2200000 a 4500
001 UCK6607
003 CL-VaPUC
008 051007e20040700PE |||||||||||||||||spa|d
020 |a 9972832139 
082 0 4 |a 394.26985  |b RAE  |2 21 
100 0 |a Ráez Retamozo, Manuel  |e author  |9 496058 
245 1 0 |a Melodías de los valles sagrados 
246 1 0 |a Fiestas y danzas tradicionales del Cuzco 
250 |a 1a. ed 
300 |a 166 p 
942 |c BK 
945 |d 20051007 00:00:00  |a castudil 
260 |a Lima  |b Pontificia Universidad Católica del Perú  |c 2004 
650 7 |a RELIGIOSIDAD POPULAR  |2 CL-VaPUC  |9 496059 
650 0 |a Fiestas religiosas  |9 349319 
650 0 |a Rituales  |9 349198 
650 0 |a Ceremonias  |9 337653 
650 0 |a Cofradías  |9 394710 
650 0 |a Música folklórica  |9 306412 
650 7 |a DANZAS TRADICIONALES  |2 CL-VaPUC  |9 477712 
650 0 |a Carnavales  |9 496060 
650 0 |a Música religiosa  |9 372199 
650 7 |a CORPUS CHRISTI  |2 CL-VaPUC  |9 496061 
651 0 |a Perú  |9 256567 
651 7 |a CUZCO  |2 CL-VaPUC  |9 265268 
583 |a last modification  |c 20180123 06:36:53  |k Rodrigo Vera 
490 0 |a Avances de Investigación 
999 |c 314880  |d 314878 
952 |0 0  |1 0  |4 0  |6 394_269850000000000_RAE_2004  |7 0  |8 X  |9 387667  |a FDOMLP  |b FDOMLP  |d 2019-11-22  |i 4110870  |o 394.26985 RAE 2004  |p 4110870  |r 2019-11-22  |w 2019-11-22  |y BK_X  |k BU2